Central Library OPAC University of Rajshahi

Methods of enzymatic analysis / (Record no. 13925)

MARC details
000 -LEADER
fixed length control field 00887cam a2200253 i 4500
001 - CONTROL NUMBER
control field 13925
003 - CONTROL NUMBER IDENTIFIER
rucl marc code BD-RjUL
005 - DATE AND TIME OF LATEST TRANSACTION
control field 20211208235534.0
008 - FIXED-LENGTH DATA ELEMENTS--GENERAL INFORMATION
fixed length control field 140203s1974 gw a b 001 0 eng
020 ## - INTERNATIONAL STANDARD BOOK NUMBER
International Standard Book Number 0120913010 (v. 1) (Academic Press)
035 ## - SYSTEM CONTROL NUMBER
System control number (BD-RjUL)13977
040 ## - CATALOGING SOURCE
Original cataloging agency DLC
Transcribing agency DLC
Modifying agency DLC
-- BD-RjUL
Language of cataloging eng
041 1# - LANGUAGE CODE
Language code of text/sound track or separate title engger
082 00 - DEWEY DECIMAL CLASSIFICATION NUMBER
Classification number 543
Edition number 19
Author mark and year MET 1974
245 10 - TITLE STATEMENT
Title Methods of enzymatic analysis /
Statement of responsibility, etc. edited by Hans Ulrich Bergmeyer, in collaboration with Karlfried Gawehn.
Number of part/section of a work Volume 1
250 ## - EDITION STATEMENT
Edition statement 2d English ed. /
260 ## - PUBLICATION, DISTRIBUTION, ETC. (IMPRINT)
Place of publication, distribution, etc. Weinheim :
Name of publisher, distributor, etc. Verlag Chemie ;
Place of publication, distribution, etc. New York :
Name of publisher, distributor, etc. Academic Press,
Date of publication, distribution, etc. 1974.
300 ## - PHYSICAL DESCRIPTION
Pagination Various pages :
Illustrations ill. ;
Size 24 cm.
504 ## - BIBLIOGRAPHY, ETC. NOTE
Bibliography, etc Includes bibliographical references and index.
650 #0 - SUBJECT ADDED ENTRY--TOPICAL TERM
Topical term or geographic name as entry element Enzymatic analysis
General subdivision Laboratory manuals.
9 (RLIN) 43528
700 1# - ADDED ENTRY--PERSONAL NAME
Personal name Bergmeyer, Hans Ulrich,
942 ## - ADDED ENTRY ELEMENTS (KOHA)
Source of classification or shelving scheme Dewey Decimal Classification
Koha item type Books
Holdings
Lost status Source of classification or shelving scheme Damaged status Not for loan Collection code Permanent Location Current Location Shelving location Date acquired Source of acquisition Cost, normal purchase price Total Checkouts Full call number Date last seen Copy number Koha item type
  Dewey Decimal Classification   Not For Loan Non-fiction Central Library, University of Rajshahi Central Library, University of Rajshahi Reading Room 09/05/1977 W. Heffer and sons. 120.30   543 MET V-1 1974 03/02/2014 C-1 Books
  Dewey Decimal Classification     Non-fiction Central Library, University of Rajshahi Central Library, University of Rajshahi   16/07/1977 Heffer and sons     543 MET V-2 1974 20/11/2016 C-2 Books
  Dewey Decimal Classification   Not For Loan Non-fiction Central Library, University of Rajshahi Central Library, University of Rajshahi Reading Room 09/05/1977 Heffors 120.00   543 MET V-3 1974 03/05/2017 C-1 Books
  Dewey Decimal Classification   Not For Loan Non-fiction Central Library, University of Rajshahi Central Library, University of Rajshahi Reading Room 09/05/1977 Heffors 120.00   543 MET V-4 1974 03/05/2017 C-1 Books
  Dewey Decimal Classification     Non-fiction Central Library, University of Rajshahi Central Library, University of Rajshahi   09/05/1977 Heffers 120.30   543 MET V-3 1974 16/05/2017 C-2 Books
  Dewey Decimal Classification     Non-fiction Central Library, University of Rajshahi Central Library, University of Rajshahi   09/05/1977 Heffers 120.30   543 MET V-4 1974 16/05/2017 C-2 Books
  Dewey Decimal Classification   Not For Loan Non-fiction Central Library, University of Rajshahi Central Library, University of Rajshahi Reading Room 16/07/1977 Heffer and sons     543 MET V-2 1974 17/05/2017 C-1 Books